000 00715nam a2200265Ia 4500
005 20260302115029.0
008 008 260114s9999 xx 000 0 eng d
020 _a9781472587206
037 _aTextbook
040 _aCRL
040 _beng
040 _cCRL
041 _2eng
041 _aeng
084 _qCRL
100 _aPaul Edmondson, Shih-pe Wang, Tian Yuan Tan
_91120489
245 0 _a1616: Shakespeare and Tang Xianzu's China
260 _bBloomsbury
260 _bThe Arden Shakespeare
260 _c2016
650 _aLiterary Studies
856 _uhttps://doi.org/10.5040/9781472587206?locatt=label:secondary_bloomsburyCollections
942 _cEBOOK
999 _c1684699
_d1684699